LEADER 00982nam--2200349---450- 001 990002884150203316 005 20070320110522.0 035 $a000288415 035 $aUSA01000288415 035 $a(ALEPH)000288415USA01 035 $a000288415 100 $a20070320d1966----km-y0itay50------ba 101 $aeng 102 $aUS 105 $a||||||||001yy 200 1 $a<> thousand days$eJohn F. Kennedy in the White House$fArthur M. Schlesinger, jr 210 $aNew York$cFawcett Premier$d1966 215 $aX, 967 p.$d18 cm 410 0$12001 454 1$12001 461 1$1001-------$12001 600 0 $aKennedy,$bJohn Fitzgerald 676 $a973.922092 700 1$aSCHLESINGER,$bArthur M.$0455968 801 0$aIT$bsalbc$gISBD 912 $a990002884150203316 951 $a973.922092 SCH$b431 DITESI (armadio 4 I n.47) 959 $aBK 969 $aDITESI 979 $aDITESI$b10$c20070320$lUSA01$h1105 996 $aThousand days$9990904 997 $aUNISA LEADER 01354nam0 2200289 i 450 001 VAN0120629 005 20240417035058.220 100 $a20190312d1997 |0itac50 ba 101 $aita 102 $aIT 105 $a|||| ||||| 200 1 $aEcologia$eatti dell'8. Congresso nazionale della Società italiana di ecologia$eParma, 10-12 settembre 1997$fS.IT.E., Società italiana di ecologia$ga cura di Aldo Anelli ... [et al.] 210 $aParma$cEdizioni Zara$d1997 215 $aXII, 667 p.$cill.$d28 cm 410 1$1001VAN0082266$12001 $aS.IT.E. Atti$1210 $aParma$cZara$v18 620 $dParma$3VANL000121 702 1$aAnelli$bAldo$3VANV017363 712 02$aSocietà italiana di ecologia$3VANV017366 712 $aZara $3VANV109724$4650 791 02$aSocieta italiana di ecologia$zSocietà italiana di ecologia$3VANV055229 791 02$aS.It.E$zSocietà italiana di ecologia$3VANV068144 801 $aIT$bSOL$c20240419$gRICA 899 $aBIBLIOTECA DEL DIPARTIMENTO DI SCIENZE E TECNOLOGIE AMBIENTALI BIOLOGICHE E FARMACEUTICHE$1IT-CE0101$2VAN17 912 $aVAN0120629 950 $aBIBLIOTECA DEL DIPARTIMENTO DI SCIENZE E TECNOLOGIE AMBIENTALI BIOLOGICHE E FARMACEUTICHE$d17CONS Ea25 $e17OM 2801 20190312 $sBuono 996 $aEcology$959519 997 $aUNICAMPANIA